000 00589nam a2200193Ia 4500
003 GCL
008 140319s9999 xx 000 0 ara d
040 _aGCL /
_cGCL
082 0 4 _a001.5
_bم ا
100 1 _aمحمد سيد محمد
245 1 0 _aالاعلام والتنمية /
_cمحمد سيد محمد
300 _a436 ص
490 _aالهيئة العامة للاستعلامات
_v0
650 0 4 _aالتنمية الاجتماعية
650 0 4 _aالاعلام
650 0 4 _aالاعلام والتنمية
650 0 4 _aالاعلام العربى
942 _2ddc
_cBK
999 _c48495
_d48495